000 00622nam a2200277Ia 4500
005 20260324150813.0
008 008 260324s9999 xx 000 0 eng d
020 _a9781003632856
037 _aEBOOK
040 _aCRL
040 _beng
040 _cCRL
041 _2eng
041 _aeng
084 _qCRL
100 _aArthur Bryant
_91227666
245 0 _aHumanity in Politics
260 _bTaylor and Francis
260 _c1938
365 _a
365 _b180
856 _uhttp://www.taylorfrancis.com/books/9781003632856
942 _cEBOOK
999 _c1837781
_d1837781